| 000 | 01271cac a22001931u 4500 | ||
|---|---|---|---|
| 090 | _c2368 | ||
| 008 | 081223t xxu||||| |||| 00| 0 eng d | ||
| 010 | _a 2004028156 | ||
| 020 | _a0321311531 | ||
| 082 | 0 | 0 |
_a331 _bEHR |
| 245 | 1 | 0 |
_aModern labor Economics : _bTheory and Public Policy / _cRonald G. Ehrenberg, Robert S. Smith. |
| 250 |
_a9th ed. _bPearson International Edition. |
||
| 260 |
_aBoston : _bPearson/Addison Wesley, _cc2006. |
||
| 300 |
_axx, 604 p. : _bill. ; _c24 cm. |
||
| 504 | _aIncludes bibliographical references and indexes. | ||
| 505 | 0 | _aOverview of the labor market -- The demand for labor -- Labor demand elasticities -- Frictions in the labor market -- Supply of labor to the economy: the decision to work -- Labor supply: household production, the family, and the life cycle -- Compensating wage differentials and labor markets -- Investments in human capital: education and training -- Worker mobility: migration, immigration, and turnover -- Pay and productivity: wage determination within the firm -- Gender, race, and ethnicity in the labor market -- Unions and the labor market -- Inequality in earnings -- Unemployment. | |
| 856 | 4 | 1 |
_3Table of contents _uhttp://www.loc.gov/catdir/toc/ecip054/2004028156.html |
| 942 |
_cBB _k331 EHR _2ddc |
||
| 999 |
_c2368 _d2368 |
||